| 000 -LEADER |
| fixed length control field |
01694cam a22003498i 4500 |
| 001 - CONTROL NUMBER |
| control field |
21827007 |
| 005 - DATE AND TIME OF LATEST TRANSACTION |
| control field |
20230124100704.0 |
| 008 - FIXED-LENGTH DATA ELEMENTS--GENERAL INFORMATION |
| fixed length control field |
201202s2021 mdu b 001 0 eng |
| 010 ## - LIBRARY OF CONGRESS CONTROL NUMBER |
| LC control number |
2020054357 |
| 020 ## - INTERNATIONAL STANDARD BOOK NUMBER |
| International Standard Book Number |
9781793638021 |
| 020 ## - INTERNATIONAL STANDARD BOOK NUMBER |
| Canceled/invalid ISBN |
9781793638038 |
| 040 ## - CATALOGING SOURCE |
| Original cataloging agency |
DLC |
| Language of cataloging |
eng |
| Description conventions |
rda |
| Transcribing agency |
DLC |
| 042 ## - AUTHENTICATION CODE |
| Authentication code |
pcc |
| 050 00 - LIBRARY OF CONGRESS CALL NUMBER |
| Classification number |
QC902.9 |
| Item number |
.C67 2021 |
| 082 00 - DEWEY DECIMAL CLASSIFICATION NUMBER |
| Classification number |
363.738/7452 |
| Edition number |
23 |
| 100 1# - MAIN ENTRY--PERSONAL NAME |
| Personal name |
Corbett, Julia B., |
| Relator term |
author. |
| 245 10 - TITLE STATEMENT |
| Title |
Communicating the climate crisis : |
| Remainder of title |
new directions for facing what lies ahead / |
| Statement of responsibility, etc. |
Julia B. Corbett. |
| 260 ## - PUBLICATION, DISTRIBUTION, ETC. (IMPRINT) |
| Place of publication, distribution, etc. |
Lanham, Maryland : |
| Name of publisher, distributor, etc. |
Lexington Books, |
| Date of publication, distribution, etc. |
2021 |
| 263 ## - PROJECTED PUBLICATION DATE |
| Projected publication date |
2102 |
| 300 ## - PHYSICAL DESCRIPTION |
| Extent |
x, 219 p. : |
| Type of unit |
ill. (black and white) ; |
| Accompanying material |
23 cm |
| 490 0# - SERIES STATEMENT |
| Series statement |
Environmental communication and nature : conflict and ecoculture in the anthropocene |
| 504 ## - BIBLIOGRAPHY, ETC. NOTE |
| Bibliography, etc |
Includes bibliographical references and index. |
| 520 ## - SUMMARY, ETC. |
| Summary, etc. |
"Communicating the Climate Crisis lays out fresh directions and strategies for creating a new story of hope through action-not as isolated and "guilty" consumers, but as social actors who use emotional resilience, climate conversations, justice, and faith to break the current social inertia and create a desired future"-- |
| 650 #0 - SUBJECT ADDED ENTRY--TOPICAL TERM |
| Topical term or geographic name as entry element |
Climatic changes. |
| 650 #0 - SUBJECT ADDED ENTRY--TOPICAL TERM |
| Topical term or geographic name as entry element |
Communication in climatology. |
| 650 #0 - SUBJECT ADDED ENTRY--TOPICAL TERM |
| Topical term or geographic name as entry element |
Climatic changes |
| General subdivision |
Public opinion. |
| 650 #0 - SUBJECT ADDED ENTRY--TOPICAL TERM |
| Topical term or geographic name as entry element |
Climate change mitigation. |
| 776 08 - ADDITIONAL PHYSICAL FORM ENTRY |
| Relationship information |
Online version: |
| Main entry heading |
Corbett, Julia B. |
| Title |
Communicating the climate crisis |
| Place, publisher, and date of publication |
Lanham : Lexington Books, [2021] |
| International Standard Book Number |
9781793638038 |
| Record control number |
(DLC) 2020054358 |
| 906 ## - LOCAL DATA ELEMENT F, LDF (RLIN) |
| a |
7 |
| b |
cbc |
| c |
orignew |
| d |
1 |
| e |
ecip |
| f |
20 |
| g |
y-gencatlg |
| 942 ## - ADDED ENTRY ELEMENTS (KOHA) |
| Source of classification or shelving scheme |
|
| Koha item type |
Hard Covered Materials |
| Classification part |
QC902.9 .C67 2021 |